Medicina Flagellata Or, The Doctor Scarify'd

Saved in:
Bibliographic Details
Format: Electronic eBook
Language:English
Published: Project Gutenberg, 2010
Series:Project Gutenberg 33155
Online Access:http://www.gutenberg.org/etext/33155
Rights
Tags: Add Tag
No Tags, Be the first to tag this record!
Call Number :

MARC

LEADER 00000cam a22000003a 4500
001 70538
003 MY-KLNDU
005 20241219031010.0
008 210403s2010||||xxu|||||s|||||000 | eng d
035 |a (PGUSA)33155 
039 9 |y 202104030010  |z VLOAD 
040 |a PGUSA  |b eng 
042 |a dc 
245 1 0 |a Medicina Flagellata Or, The Doctor Scarify'd  |h [electronic resource] /  |c by Anonymous 
260 |b Project Gutenberg,  |c 2010 
500 |a Project Gutenberg 
506 |a Freely available. 
516 |a Electronic text 
599 |a Dummy Record 
830 0 |a Project Gutenberg  |v 33155 
856 4 0 |u http://www.gutenberg.org/etext/33155 
856 4 2 |u http://www.gutenberg.org/license  |3 Rights 
999 |a vtls000083956  |c 70538  |d 70538